000 00981nam a2200325 a 4500
001 000108135
003 CHAP
005 20220329143959.0
008 131206s2011 dcua |r| |||1|||eng d
010 _a104597
011 _a105569
020 _a9781555815035
040 _cCHAP
082 0 4 _a617.52207
_bK81
100 1 _aKolenbrander, Paul E.
_9124983
245 1 0 _aOral microbial communities :
_bgenomic inquiry and interspecies communication /
_cpor Paul E. Kolenbrander.
250 _aWashington, DC:
260 _bASM Press,
_c2011.
300 _axvii, 402 p.
590 _aBATCH-UPD
_b05
_c20131206
_lUCH01
_h1451
590 _aE11695DGD
_b10
_c20150602
_lUCH01
_h1408
590 _aE11695DGD
_b10
_c20150602
_lUCH01
_h1408
590 _aE5652GLJ
_b05
_c20131206
_lUCH01
_h1450
650 1 4 _aBacteriología de la boca.
_9124988
650 1 4 _aGenética bacteriana.
_947486
650 1 4 _aGenética microbiana.
_9124708
901 _aBK
942 _cLIBRO
942 _n0
999 _c104597
_d104597